| 000 | 00386nam a2200109Ia 4500 | ||
|---|---|---|---|
| 008 | 171204s9999 xx 000 0 und d | ||
| 245 | _aStevens’ Handbook Of Experimental Psychology, Sensation And Perception: | ||
| 245 | _cHal Pashler and Steven Yantis | ||
| 260 | _c2015 | ||
| 650 | _xEXPERIMENTAL PSYCHOLOGY | ||
| 856 | _uhttp://down.ebook777.com/SteHanOfExpPsySenAndPer(vo1),3Edi.pdf | ||
| 999 |
_c346431 _d346431 |
||